Krátkodobý nájom bytu ako prostriedok rozvoja súkromného nájomného bývania bakalárska práca

Gespeichert in:
Bibliographische Detailangaben
1. Verfasser: Baláž, Filip
Körperschaft: Obchodná fakulta EU. Katedra obchodného práva
Weitere Verfasser: Magurová, Hana, 1986-
Format: Buch
Sprache:Slowakisch
Veröffentlicht: Bratislava 2023
Tags: Tag hinzufügen
Keine Tags, Fügen Sie das erste Tag hinzu!

MARC

LEADER 00000nbm a2200000 4500
001 0294934
005 20240215110620.5
041 0 |a slo 
044 |a SK 
245 1 0 |a Krátkodobý nájom bytu ako prostriedok rozvoja súkromného nájomného bývania  |b bakalárska práca  |c Filip Baláž ; školiteľ: Hana Magurová 
264 1 |a Bratislava  |c 2023 
300 |a 59 s. 
100 1 |a Baláž, Filip 
700 1 |a Magurová, Hana, 1986- 
710 2 |a Obchodná fakulta EU. Katedra obchodného práva